Možnosti využitia pyrochars pre sorpciu vybraných dusíkatých látok

Saved in:
Bibliographic Details
Main Author: Kvorková, Veronika (Author)
Other Authors: Sirotiak, Maroš (Thesis advisor)
Format: Manuscript Book
Language:Slovak
Published: 2019
Subjects:
Online Access:http://is.stuba.sk/zp/portal_zp.pl?podrobnosti=146821
Tags: Add Tag
No Tags, Be the first to tag this record!

MARC

LEADER 00000ntm a22000003a 4500
001 stuzp74091
003 SK-STU
005 20190608212818.8
007 ta
008 150427s2015----xo-----f-mn---000-0-slo-d
040 |a STU  |b slo 
041 0 |a slo 
100 1 |a Kvorková, Veronika  |u 065000  |k Z4  |4 aut  |U MTF Materiálovotechnologická fakulta  |T MTF Ústav integrovanej bezpečnosti  |X 77473  |U M5000  |Y 85  |7 77473 
242 0 1 |a Possibilities of using pyrocharss for the nitrogen containing substances sorption  |y eng 
245 1 0 |a Možnosti využitia pyrochars pre sorpciu vybraných dusíkatých látok 
260 |c 2019 
650 4 |a dusík  |2 slo 
650 4 |a dusíkaté zlúčeniny  |2 slo 
650 4 |a eutrofizácia  |2 slo 
650 4 |a pyrochars  |2 slo 
650 4 |a nitrogen  |2 eng 
650 4 |a nitrogenous compounds  |2 eng 
650 4 |a eutrophication  |2 eng 
650 4 |a pyrochars  |2 eng 
700 1 |a Sirotiak, Maroš  |u 065100  |k Z1  |4 ths  |U MTF Ústav integrovanej bezpečnosti  |T MTF Katedra environmentálneho inžinierstva  |X 3580  |U M5100  |Y 194  |7 A000003580 
856 4 |u http://is.stuba.sk/zp/portal_zp.pl?podrobnosti=146821 
996 |c M* DP-13922  |l MMSKP  |s P  |a 0  |w stuzp74091_0001